Možnosti doplnkovej závlahy ovocných sadov v okrese Bánovce n. Bebravou

Salvato in:
Dettagli Bibliografici
Autore principale: Timková, Natália (Autore)
Altri autori: Šoltész, Andrej (Relatore della tesi)
Natura: Manoscritto Libro
Lingua:slovacco
Pubblicazione: 2017
Soggetti:
Accesso online:http://is.stuba.sk/zp/portal_zp.pl?podrobnosti=125070
https://opac.crzp.sk/?fn=detailBiblioForm&sid=D79A57A76A32382FF3B0A15572E0
Tags: Aggiungi Tag
Nessun Tag, puoi essere il primo ad aggiungerne!!

MARC

LEADER 00000ntm a22000003a 4500
001 stuzp64854
003 SK-STU
005 20230821135449.2
007 ta
008 150427s2015----xo-----f-mn---000-0-slo-d
040 |a STU  |b slo 
041 0 |a slo 
100 1 |a Timková, Natália  |u 010170  |4 aut  |U SvF Stavebná fakulta  |T SvF Katedra hydrotechniky  |X 7287  |U V170  |Y 17  |7 A000007287 
242 0 1 |a The possibilities of additional irrigation of fruit orchards in the county of Bánovce n. Bebravou.  |y eng 
245 1 0 |a Možnosti doplnkovej závlahy ovocných sadov v okrese Bánovce n. Bebravou 
260 |c 2017 
650 4 |a zavlaha  |2 slo 
650 4 |a sad  |2 slo 
650 4 |a voda  |2 slo 
650 4 |a balance  |2 eng 
650 4 |a irrigation  |2 eng 
650 4 |a water  |2 eng 
700 1 |a Šoltész, Andrej  |u 010170  |k Z1  |4 ths  |U SvF Stavebná fakulta  |T SvF Katedra hydrotechniky  |X 645  |U V170  |Y 17  |7 A000000645 
856 4 |u http://is.stuba.sk/zp/portal_zp.pl?podrobnosti=125070 
856 4 |u https://opac.crzp.sk/?fn=detailBiblioForm&sid=D79A57A76A32382FF3B0A15572E0